[Event "Cento op 1st"]
[Site "Cento"]
[Date "2011.02.12"]
[Round "9"]
[White "Gioga, Michele"]
[Black "Lapenna, Antonio"]
[Result "1/2-1/2"]
[WhiteElo "1682"]
[BlackElo "2137"]
[PlyCount "58"]
[EventDate "2011.02.05"]
[EventType "swiss"]
[EventRounds "9"]
[EventCountry "ITA"]
[SourceTitle "CBM 140 Extra"]
[Source "ChessBase"]
[SourceDate "2011.03.01"]
[SourceVersion "1"]
[SourceVersionDate "2011.03.01"]
[SourceQuality "1"]

1. e4 c5 2. Nf3 a6 3. d4 cxd4 4. Nxd4 Nf6 5. Nc3 e5 6. Nf3 Nc6 7. Bc4 h6 8. Be3 Bb4 9. Qd3 0-0 10. 0-0 d6 11. Rad1 Bg4 12. Ne2 Qc7 13. Bb3 Rad8 14. c3 Bc5 15. Bc1 Rfe8 16. h3 Bh5 17. Ng3 Bg6 18. Qe2 Na5 19. Bc2 Ba7 20. Nh4 Bh7 21. Nhf5 Bb8 22. Ne3 b5 23. Nd5 Nxd5 24. Rxd5 Nc4 25. Qg4 Kh8 26. h4 Nb6 27. Rdd1 d5 28. Nh5 f6 29. Bb3 Bxe4 1/2-1/2

[Event "Basso Veronese  op-B 3rd"]
[Site "Verona"]
[Date "2010.06.06"]
[Round "6"]
[White "Gioga, Michele"]
[Black "Benaddi, Redouane"]
[Result "1-0"]
[WhiteElo "1676"]
[BlackElo "1800"]
[PlyCount "169"]
[EventDate "2010.05.29"]
[EventType "swiss"]
[EventRounds "6"]
[EventCountry "ITA"]
[SourceTitle "EXT 2011"]
[Source "ChessBase"]
[SourceDate "2010.11.26"]
[SourceVersion "1"]
[SourceVersionDate "2010.11.26"]
[SourceQuality "1"]

1. e4 d6 2. d4 e6 3. Nc3 g6 4. Nf3 Bg7 5. Be3 Nd7 6. Qd2 h6 7. Bc4 Ne7 8. g4 a6 9. g5 h5 10. h4 b5 11. Bd3 Bb7 12. a3 Nb6 13. Qe2 0-0 14. Nd2 Rc8 15. Nb3 Ba8 16. Rf1 Nc6 17. f4 Na4 18. Rb1 Re8 19. Qf2 Nb6 20. f5 exf5 21. exf5 Bxd4 22. Nxd4 Nxd4 23. fxg6 Nf3+ 24. Kd1 Qe7 25. gxf7+ Kxf7 26. Ne4 Bxe4 27. Bxe4 Qxe4 28. Qxf3+ Qxf3+ 29. Rxf3+ Kg8 30. Bxb6 cxb6 31. Rf4 Re3 32. Kd2 Rh3 33. Rbf1 Rh2+ 34. R1f2 Rh3 35. c3 a5 36. Kc2 Re8 37. Rd2 a4 38. Rxd6 Re2+ 39. Rd2 Rxd2+ 40. Kxd2 Rh2+ 41. Kc1 Rh1+ 42. Kc2 Rg1 43. Rd4 Rg2+ 44. Rd2 Rg4 45. Rd4 Rg2+ 46. Kc1 Rg1+ 47. Kc2 Rg2+ 48. Kb1 Rg1+ 49. Ka2 Rg4 50. Rb4 Kg7 51. Kb1 Rg1+ 52. Kc2 Rh1 53. Kd2 Kg6 54. Ke2 Kf5 55. Kf3 Rh3+ 56. Kg2 Rd3 57. Rxb5+ Kf4 58. Rb4+ Kf5 59. Rxb6 Rd2+ 60. Kf3 Rd3+ 61. Ke2 Rh3 62. Rb4 Rh2+ 63. Kf3 Rh3+ 64. Kg2 Re3 65. c4 Re2+ 66. Kf3 Rh2 67. Kg3 Rc2 68. c5 Rxc5 69. Rxa4 Rd5 70. Rb4 Rd3+ 71. Kf2 Rd2+ 72. Ke3 Rh2 73. b3 Rh3+ 74. Kf2 Rh2+ 75. Kg3 Rd2 76. a4 Rd3+ 77. Kf2 Rd2+ 78. Ke3 Rh2 79. a5 Rh3+ 80. Kf2 Rh2+ 81. Kg3 Rd2 82. a6 Rd7 83. Ra4 Ra7 84. b4 Rc7 85. b5 1-0

[Event "Basso Veronese  op-B 3rd"]
[Site "Verona"]
[Date "2010.06.05"]
[Round "4"]
[White "Gioga, Michele"]
[Black "Orlandi, Paolo"]
[Result "1-0"]
[WhiteElo "1676"]
[BlackElo "1428"]
[PlyCount "87"]
[EventDate "2010.05.29"]
[EventType "swiss"]
[EventRounds "6"]
[EventCountry "ITA"]
[SourceTitle "EXT 2011"]
[Source "ChessBase"]
[SourceDate "2010.11.26"]
[SourceVersion "1"]
[SourceVersionDate "2010.11.26"]
[SourceQuality "1"]

1. c4 Nf6 2. Nc3 d5 3. cxd5 Nxd5 4. g3 g6 5. Bg2 c6 6. Nf3 Bg7 7. 0-0 0-0 8. Qb3 Qc7 9. Nxd5 cxd5 10. Qxd5 Be6 11. Qe4 Nc6 12. d3 Rac8 13. Bf4 Qb6 14. Bc1 Rfd8 15. Qh4 f6 16. b3 Nd4 17. Nxd4 Rxd4 18. Be3 Rxh4 19. Bxb6 Rb4 20. Ba5 Rb5 21. Bd2 b6 22. Rac1 Rbc5 23. Rxc5 Rxc5 24. Rc1 Rxc1+ 25. Bxc1 f5 26. Bf4 Bc8 27. Ba8 a6 28. e3 Kf7 29. d4 e6 30. Bc7 b5 31. Kf1 Bf8 32. Ke2 Bb4 33. f4 Ke7 34. Bc6 Bd6 35. Bxd6+ Kxd6 36. Bf3 a5 37. Kd3 h6 38. h4 h5 39. e4 Bd7 40. e5+ Ke7 41. d5 Bc8 42. d6+ Kd8 43. a3 Bd7 44. Kd4 1-0

[Event "Mogliano Veneto op-B 31st"]
[Site "Mogliano Veneto"]
[Date "2010.05.02"]
[Round "5"]
[White "Gioga, Michele"]
[Black "Gennari, Jacopo"]
[Result "1-0"]
[WhiteElo "1676"]
[BlackElo "1724"]
[PlyCount "105"]
[EventDate "2010.04.30"]
[EventType "swiss"]
[EventRounds "5"]
[EventCountry "ITA"]
[SourceTitle "EXT 2023"]
[Source "ChessBase"]
[SourceDate "2022.10.05"]
[SourceVersion "1"]
[SourceVersionDate "2022.10.05"]
[SourceQuality "1"]

1. e4 d5 2. exd5 Qxd5 3. Nc3 Qd6 4. d4 g6 5. Nf3 Bg7 6. Be3 Bg4 7. Be2 Nc6 8. Bb5 a6 9. Bxc6+ Qxc6 10. Qe2 Nf6 11. 0-0-0 Bxf3 12. gxf3 0-0 13. d5 Qd7 14. Qd2 Qh3 15. Rdg1 Qxf3 16. h4 Rad8 17. Bh6 Bxh6 18. Qxh6 Qxf2 19. h5 Qf5 20. hxg6 fxg6 21. Rf1 Qxf1+ 22. Rxf1 Ng4 23. Rxf8+ Rxf8 24. Qg5 Nf6 25. b3 Kg7 26. Qe5 Rf7 27. Qxc7 e6 28. Qe5 exd5 29. Nxd5 h5 30. Nf4 Kh6 31. Nh3 Nh7 32. Qe8 Rf3 33. Qd7 Nf6 34. Qc8 g5 35. Qh8+ Kg6 36. Nxg5 Kxg5 37. Qg7+ Kf5 38. Qxb7 Rf2 39. Qxa6 h4 40. Qd3+ Kg4 41. Qg6+ Kh3 42. a4 Ng4 43. a5 Kg3 44. a6 h3 45. a7 Rf8 46. Qd6+ Rf4 47. a8Q h2 48. Qd3+ Kf2 49. Qa7+ Kg2 50. Qe2+ Rf2 51. Qb7+ Kg1 52. Qxg4+ Kf1 53. Qh1# 1-0

[Event "Basso Veronese op 1st"]
[Site "Casaleone"]
[Date "2008.11.23"]
[Round "6"]
[White "Gioga, Michele"]
[Black "Moscato, Riccardo"]
[Result "1-0"]
[WhiteElo "1392"]
[BlackElo "1434"]
[PlyCount "55"]
[EventDate "2008.11.15"]
[EventType "swiss"]
[EventRounds "6"]
[EventCountry "ITA"]
[SourceTitle "EXT 2011"]
[Source "ChessBase"]
[SourceDate "2010.11.26"]
[SourceVersion "1"]
[SourceVersionDate "2010.11.26"]
[SourceQuality "1"]

1. e4 e5 2. Nf3 d6 3. d4 exd4 4. Nxd4 g6 5. Nc3 Ne7 6. Bc4 Nbc6 7. a3 Bg7 8. Be3 Bd7 9. Qd2 f5 10. exf5 Bxf5 11. Nxf5 Nxf5 12. Bg5 Bf6 13. Bxf6 Qxf6 14. 0-0-0 0-0-0 15. Rhe1 Rhe8 16. Nd5 Qg7 17. Nb4 Nfe7 18. Be6+ Kb8 19. Bh3 Nxb4 20. Qxb4 Nc6 21. Qb3 Rf8 22. Qe3 Qf7 23. f3 Rfe8 24. Qc3 Re5 25. Rxe5 dxe5 26. Rxd8+ Nxd8 27. Qxe5 Nc6 28. Qh8+ 1-0

[Event "Basso Veronese op 1st"]
[Site "Casaleone"]
[Date "2008.11.16"]
[Round "2"]
[White "Di Natale, Gianluca"]
[Black "Gioga, Michele"]
[Result "0-1"]
[WhiteElo "1368"]
[BlackElo "1392"]
[PlyCount "60"]
[EventDate "2008.11.15"]
[EventType "swiss"]
[EventRounds "6"]
[EventCountry "ITA"]
[SourceTitle "EXT 2011"]
[Source "ChessBase"]
[SourceDate "2010.11.26"]
[SourceVersion "1"]
[SourceVersionDate "2010.11.26"]
[SourceQuality "1"]

1. e4 e5 2. Nf3 Nc6 3. Bc4 Nf6 4. Nc3 h6 5. d3 d6 6. h3 a6 7. Be3 Na5 8. Bb3 Nxb3 9. axb3 Be7 10. 0-0 0-0 11. Qe2 Nh7 12. Nd5 f5 13. exf5 Bxf5 14. Nxe7+ Qxe7 15. Rfe1 Qf7 16. Nh2 Qg6 17. g4 Be6 18. d4 exd4 19. Bxd4 Rae8 20. Qd2 Bd7 21. c3 Bc6 22. Nf1 Ng5 23. Nh2 Nxh3+ 24. Kf1 h5 25. Rxe8 Rxe8 26. Qd1 hxg4 27. Be3 g3 28. Nf3 gxf2 29. Bxf2 Nxf2 30. Kxf2 Rf8 0-1

[Event "Basso Veronese op 1st"]
[Site "Casaleone"]
[Date "2008.11.15"]
[Round "1"]
[White "Gioga, Michele"]
[Black "Marino, Francesco"]
[Result "1/2-1/2"]
[WhiteElo "1392"]
[BlackElo "1686"]
[PlyCount "58"]
[EventDate "2008.11.15"]
[EventType "swiss"]
[EventRounds "6"]
[EventCountry "ITA"]
[SourceTitle "EXT 2011"]
[Source "ChessBase"]
[SourceDate "2010.11.26"]
[SourceVersion "1"]
[SourceVersionDate "2010.11.26"]
[SourceQuality "1"]

1. e4 c5 2. Nf3 Nc6 3. Bb5 a6 4. Bxc6 dxc6 5. 0-0 Nf6 6. Re1 g6 7. d3 Bg7 8. Bf4 Nh5 9. Be3 Bxb2 10. Nbd2 b6 11. Rb1 Bg7 12. h3 0-0 13. Nh2 Be6 14. Nb3 h6 15. Qd2 Kh7 16. f4 Nf6 17. c4 Qc7 18. Nf3 Rad8 19. Qe2 Nd7 20. a4 Rfe8 21. Rf1 Rb8 22. Nfd2 f5 23. e5 Nxe5 24. fxe5 Qxe5 25. Nf3 Qf6 26. Bf4 g5 27. Bxb8 Rxb8 28. Rfe1 Bg8 29. Qxe7 Qc3 1/2-1/2